| 000 | 00776cab a2200277 4500 | ||
|---|---|---|---|
| 001 | WB2909-23 | ||
| 008 | 090401t1993 xxu||||| |||| 00| 0 eng d | ||
| 035 | _a(Sirsi) u63059 | ||
| 041 | _aeng | ||
| 245 | 2 | _aA slow rebuilding process | |
| 260 | _c1993 | ||
| 350 | _a0 | ||
| 490 |
_aYorkshire Post _v1 March 1993, 8(1) |
||
| 520 | _aLooks at how the housing market is faring in Yorkshire and the North East. | ||
| 650 | _aFIRST-TIME BUYERS | ||
| 650 | _aHOUSE PRICES | ||
| 650 | _aHOUSING MARKET | ||
| 650 | _aINTEREST RATES | ||
| 650 | _aNEGATIVE EQUITY | ||
| 650 | _aNORTH-EAST ENGLAND | ||
| 650 | _aREGIONAL TRENDS | ||
| 650 | _aUMEMPLOYMENT | ||
| 690 | _aPROPERTY-RESIDENTIAL PROPERTY-RESIDENTIAL PROPERTY MARKET | ||
| 942 | _n0 | ||
| 948 | _c04/03/1997 | ||
| 999 |
_c39195 _d39195 |
||